1857 का प्रथम स्वातन्×य समर और काव्य (Record no. 1015386)

MARC details
000 -LEADER
fixed length control field 00997nam a2200265Ia 4500
003 - CONTROL NUMBER IDENTIFIER
control field OSt
005 - DATE AND TIME OF LATEST TRANSACTION
control field 20221005105306.0
008 - FIXED-LENGTH DATA ELEMENTS--GENERAL INFORMATION
fixed length control field 221004b |||||||| |||| 00| 0 hin d
020 ## - INTERNATIONAL STANDARD BOOK NUMBER
International Standard Book Number 9788178440651 (hbk)
037 ## - SOURCE OF ACQUISITION
Terms of availability Textual
040 ## - CATALOGING SOURCE
Original cataloging agency CRL
Transcribing agency CRL
Language of cataloging hin
041 ## - LANGUAGE CODE
Source of code hin
Language code of text/sound track or separate title hin
100 ## - MAIN ENTRY--PERSONAL NAME
Personal name भावुक, कृष्ण
245 #0 - TITLE STATEMENT
Title 1857 का प्रथम स्वातन्×य समर और काव्य
246 ## - VARYING FORM OF TITLE
Title proper/short title 1857 kā pratham swātan×ya samar aur kāvya
260 ## - PUBLICATION, DISTRIBUTION, ETC.
Place of publication, distribution, etc. नई दिल्ली
Name of publisher, distributor, etc. के. के. पब्लिकेशन्स भारत
Date of publication, distribution, etc. 2009
300 ## - PHYSICAL DESCRIPTION
Extent 300पृ0
Dimensions cm.
650 ## - SUBJECT ADDED ENTRY--TOPICAL TERM
Topical term or geographic name entry element विश्व-इतिहास
942 ## - ADDED ENTRY ELEMENTS (KOHA)
Classification part V2:51.M57, 152P9
Koha item type Textual
Source of classification or shelving scheme
Holdings
Withdrawn status Lost status Damaged status Not for loan Home library Current library Date acquired Source of acquisition Cost, normal purchase price Total Checkouts Full call number Barcode Date last seen Cost, replacement price Price effective from Koha item type
        Central Library Central Library 2022-10-05 BL170, 07/01/2015, K. K. Publications 695.00   V2:51.M57 152P9 CL1552543 2022-10-05 695.00 2022-10-05 Textual
Copyright @ Delhi University Library System